The origin of the Musalmans of Bengal / (Record no. 25013)
[ view plain ]
| 000 -LEADER | |
|---|---|
| fixed length control field | 00794cam a2200265 4500 |
| 001 - CONTROL NUMBER | |
| control field | 1731887 |
| 003 - CONTROL NUMBER IDENTIFIER | |
| control field | BDDh-ASL |
| 005 - DATE AND TIME OF LATEST TRANSACTION | |
| control field | 20240526141528.0 |
| 008 - FIXED-LENGTH DATA ELEMENTS--GENERAL INFORMATION | |
| fixed length control field | 710713s1970 pk b 000 0 eng |
| 010 ## - LIBRARY OF CONGRESS CONTROL NUMBER | |
| LC control number | 73932199 |
| 040 ## - CATALOGING SOURCE | |
| Original cataloging agency | DLC |
| Transcribing agency | DLC |
| Modifying agency | DLC |
| -- | BDDh-ASL |
| 043 ## - GEOGRAPHIC AREA CODE | |
| Geographic area code | a-ii--- |
| -- | a-pk--- |
| 050 00 - LIBRARY OF CONGRESS CALL NUMBER | |
| Classification number | DS485.B45 |
| Item number | F8 1970 |
| 082 ## - DEWEY DECIMAL CLASSIFICATION NUMBER | |
| Classification number | 954.297 |
| Item number | FUO |
| 100 2# - MAIN ENTRY--PERSONAL NAME | |
| Personal name | Fuzli Rubbee, Khondkar. |
| 245 14 - TITLE STATEMENT | |
| Title | The origin of the Musalmans of Bengal / |
| 250 ## - EDITION STATEMENT | |
| Edition statement | [2d ed. |
| 260 ## - PUBLICATION, DISTRIBUTION, ETC. | |
| Place of publication, distribution, etc. | Dacca : |
| Name of publisher, distributor, etc. | Society for Pakistan Studies, |
| -- | Thacker Spink and Co., |
| Date of publication, distribution, etc. | 1970. |
| -- | 1895. |
| 300 ## - PHYSICAL DESCRIPTION | |
| Extent | 96 p. : |
| -- | 253 p.: |
| Dimensions | 22 cm. |
| 350 ## - PRICE (NR) (BK AM CF MU VM SE) [OBSOLETE] | |
| Price | Rs1.75 |
| 504 ## - BIBLIOGRAPHY, ETC. NOTE | |
| Bibliography, etc. note | Includes bibliographical references. |
| 650 #0 - SUBJECT ADDED ENTRY--TOPICAL TERM | |
| Topical term or geographic name entry element | Muslims |
| Geographic subdivision | Bengal. |
| 906 ## - LOCAL DATA ELEMENT F, LDF (RLIN) | |
| a | 7 |
| b | cbc |
| c | orignew |
| d | 4 |
| e | ncip |
| f | 19 |
| g | y-gencatlg |
| 942 ## - ADDED ENTRY ELEMENTS (KOHA) | |
| Source of classification or shelving scheme | Dewey Decimal Classification |
| Koha item type | Books |
| Withdrawn status | Lost status | Source of classification or shelving scheme | Damaged status | Not for loan | Collection code | Home library | Current library | Shelving location | Date acquired | Source of acquisition | Total Checkouts | Full call number | Barcode | Date last seen | Copy number | Price effective from | Koha item type | Public note |
|---|---|---|---|---|---|---|---|---|---|---|---|---|---|---|---|---|---|---|
| Dewey Decimal Classification | Non-fiction | Asiatic Society Library | Asiatic Society Library | General Stacks | 06/19/2021 | ASB Library Collection | 954.297 FUO | 109684 | 06/19/2021 | C-1 | 06/19/2021 | Books | ||||||
| Dewey Decimal Classification | Non-fiction | Asiatic Society Library | Asiatic Society Library | General Stacks | 05/26/2024 | ASB Library Collection | 954.297 FUO | 125467 | 05/26/2024 | C-2 | 05/26/2024 | Books | Y-1895 |